| 000 | 00466nam a2200157 i 4500 | ||
|---|---|---|---|
| 001 | 99890 | ||
| 003 | ES-MaACL | ||
| 005 | 20230906182554.0 | ||
| 007 | t| | ||
| 008 | 050919s1970 sp ||||1| spa d | ||
| 100 | 1 |
_aMartínez O'Connor, José Diego. _978281 |
|
| 245 | 1 | 0 |
_aEscritos de Política Social / _cJosé Diego Martínez O'Connor. |
| 260 |
_aAlmería : _b[s.n.], _c1970 ( _fImp. Granada) |
||
| 300 |
_a60 p. ; _c21 cm. |
||
| 852 |
_aES-MaACL _jC-49535 _bR.75689 |
||
| 999 |
_c99890 _d99890 |
||